Els Espais fluvials : manual d'avaluació del planejament urbanístic / [Narcís Prat i Fornells... [et al.] ; col·laboradora en aquest volum: Anna Ribas i Palom] manual d'avaluació del planejament urbanístic / [Narcís Prat i Fornells... [et al.] ; col·laboradora en aquest volum:
ISBN:
978-84-9803-475-2
Publicado:
Barcelona :
Diputació de Barcelona. Àrea de Territori i Sostenibilitat, Obra Social la Caixa ,
2012
Descripción Física:
87 p. : il. col., gràf., map. ; 21 cm
MARC
| LEADER | 00000nam a2200000Ia 4500 | ||
|---|---|---|---|
| 001 | 23387 | ||
| 008 | 160829s2012 xx 000 0 cat d | ||
| 020 | |a 978-84-9803-475-2 | ||
| 080 | |a C-3-384 | ||
| 245 | |a Els Espais fluvials : |b manual d'avaluació del planejament urbanístic / [Narcís Prat i Fornells... [et al.] ; col·laboradora en aquest volum: |b Anna Ribas i Palom] | ||
| 260 | |a Barcelona : |b Diputació de Barcelona. Àrea de Territori i Sostenibilitat, Obra Social la Caixa, |c 2012 | ||
| 300 | |a 87 p. : |b il. col., gràf., map. ; |c 21 cm | ||
| 590 | |a Bibliografia | ||
| 650 | |a Qualitat ambiental |x Manuals, guies, etc. |9 38639 | ||
| 650 | 0 | |a Ecologia fluvial |x Manuals, guies, etc. |9 43649 | |
| 650 | |a Urbanisme |x Aspectes ambientals |x Manuals, guies, etc. |9 43650 | ||
| 700 | 1 | |a Prat i Fornells, Narcís |9 38638 | |
| 700 | |a Ribas i Palom, Anna, col. |9 43651 | ||
| 710 | 1 | |a Fundació la Caixa. |b Obra Social |9 52754 | |
| 710 | 1 | |a Barcelona (Catalunya : Província). |b Àrea de Territori i Sostenibilitat |9 52770 | |
| 901 | |a Arxiu | ||
| 942 | |n 1 | ||
| 952 | |0 0 |1 0 |4 0 |6 C3384 |7 1 |9 51552 |a Arxiu |b Arxiu |d 2012-02-14 |l 0 |o C-3-384 |p 23387 |r 2016-12-01 00:00:00 |w 2016-12-01 |y ARXIU | ||
| 999 | |c 55397 |d 55397 | ||